| 000 -LEADER |
| fixed length control field |
01412cam a22003134a 4500 |
| 001 - CONTROL NUMBER |
| control field |
13333160 |
| 005 - DATE AND TIME OF LATEST TRANSACTION |
| control field |
20170228093354.0 |
| 008 - FIXED-LENGTH DATA ELEMENTS--GENERAL INFORMATION |
| fixed length control field |
030904s2003 nhua 000 0 eng |
| 010 ## - LIBRARY OF CONGRESS CONTROL NUMBER |
| LC control number |
2003019536 |
| 020 ## - INTERNATIONAL STANDARD BOOK NUMBER |
| International Standard Book Number |
0325005311 (pbk. : alk. paper) |
| 040 ## - CATALOGING SOURCE |
| Original cataloging agency |
DLC |
| Transcribing agency |
DLC |
| Modifying agency |
DLC |
| 042 ## - AUTHENTICATION CODE |
| Authentication code |
pcc |
| 043 ## - GEOGRAPHIC AREA CODE |
| Geographic area code |
n-us--- |
| 050 00 - LIBRARY OF CONGRESS CALL NUMBER |
| Classification number |
LB1529.U5 |
| Item number |
C356 2003 |
| 100 1# - MAIN ENTRY--PERSONAL NAME |
| Personal name |
Calkins, Lucy, |
| Dates associated with a name |
1951- |
| 245 10 - TITLE STATEMENT |
| Title |
Poetry : |
| Remainder of title |
powerful thoughts in tiny packages / |
| Statement of responsibility, etc. |
Lucy Calkins and Stephanie Parsons. |
| 260 ## - PUBLICATION, DISTRIBUTION, ETC. (IMPRINT) |
| Place of publication, distribution, etc. |
Portsmouth, NH : |
| Name of publisher, distributor, etc. |
FirstHand, |
| Date of publication, distribution, etc. |
c2003. |
| 300 ## - PHYSICAL DESCRIPTION |
| Extent |
v, 133 p. : |
| Other physical details |
ill. ; |
| Dimensions |
22 x 28 cm. |
| 490 1# - SERIES STATEMENT |
| Series statement |
Units of study for primary writing ; |
| Volume/sequential designation |
7 |
| 650 #0 - SUBJECT ADDED ENTRY--TOPICAL TERM |
| Topical term or geographic name as entry element |
English language |
| General subdivision |
Composition and exercises |
| -- |
Study and teaching (Primary) |
| Geographic subdivision |
United States. |
| 650 #0 - SUBJECT ADDED ENTRY--TOPICAL TERM |
| Topical term or geographic name as entry element |
Poetry |
| General subdivision |
Authorship |
| -- |
Study and teaching (Primary) |
| Geographic subdivision |
United States. |
| 650 #0 - SUBJECT ADDED ENTRY--TOPICAL TERM |
| Topical term or geographic name as entry element |
Curriculum planning |
| Geographic subdivision |
United States. |
| 700 1# - ADDED ENTRY--PERSONAL NAME |
| Personal name |
Parsons, Stephanie. |
| 800 1# - SERIES ADDED ENTRY--PERSONAL NAME |
| Personal name |
Calkins, Lucy, |
| Dates associated with a name |
1951- |
| Title of a work |
Units of study for primary writing ; |
| Volume/sequential designation |
7. |
| 906 ## - LOCAL DATA ELEMENT F, LDF (RLIN) |
| a |
7 |
| b |
cbc |
| c |
orignew |
| d |
1 |
| e |
ecip |
| f |
20 |
| g |
y-gencatlg |
| 942 ## - ADDED ENTRY ELEMENTS (KOHA) |
| Source of classification or shelving scheme |
|
| Koha item type |
Hard Covered Materials |
| Classification part |
LB 1529 .C35 2003 |